=LDR 00000nam 2200000 4500 =001 INLIS000000000028774 =005 20130612131045 =008 ***********************************Ind** =035 ##$$0010-061300000028774 =041 ##$$a Ind =082 ##$$a 324.9 =090 ##$$a 324.9, Ibr k =100 ##$$a Ibrahim, Herman =245 ##$$a Kampanye tanpa kekerasan pada pemilu, herman Ibrahim =260 ##$$a 1999 $b jakarta =300 ##$$a 293 hlm, 21 cm =650 ##$$a kampanye =850 ##$$a NBPNMAT